00411nam a2200157 a 45000010005000000030009000050080041000140400028000550820016000831000024000992450029001232600041001523000014001934900016002076500030002231296CO-ViMGA141112s2004 ck r 000 u spa d aCO-ViMGAbspacCO-ViMGA04a927.5 M653h1 aHeinrich, Christoph10aClaude Monet 1840 - 1926 aColonia : bBenedict Taschen, c1994 a96 p : il aTaschen, 3614aMONET, CLAUDE 1840 - 1926